| 000 | 00487nam a22001817a 4500 | ||
|---|---|---|---|
| 005 | 20251108164125.0 | ||
| 008 | 250721s1989 xx 000 0 ara d | ||
| 082 | 1 | 4 | _a218,4/قيس |
| 100 | 1 | _aالقيسي، محمد | |
| 245 | 1 | 0 | _aالمساجد بين الإتباع و الإبداع / |
| 264 | 1 |
_aعمان : _bدار عمار، _c1989. |
|
| 300 | _a64ص | ||
| 650 | 1 | 7 | _aالمساجد |
| 650 | 1 | 7 | _aالإسلام |
| 650 | 1 | 7 | _aالبدع |
| 942 |
_2ddc _cBK |
||
| 999 |
_c4233 _d4233 |
||